| 000 | 01431cam a2200349 i 4500 | ||
|---|---|---|---|
| 001 | 14118488 | ||
| 003 | EG-ScBUE | ||
| 005 | 20241111094941.0 | ||
| 008 | 050923t2006 njua f 001 0 eng d | ||
| 020 | _a0471656828 (cloth : acidfree paper) | ||
| 020 | _a9780471656821 (cloth : acidfree paper) | ||
| 035 | _a(OCoLC)ocm61731465 | ||
| 040 |
_aDLC _beng _erda _cDLC _dBAKER _dC#P _dIXA _dDLC _dEG-ScBUE |
||
| 082 | 0 | 4 |
_a519.5 _222 _bJOH |
| 100 | 1 |
_aJohnson, Richard Arnold, _eauthor. |
|
| 245 | 1 | 0 |
_aStatistics : _bprinciples and methods / _cRichard A. Johnson, Gouri K. Bhattacharyya, University of Wisconsin at Madison. |
| 250 | _aFifth edition. | ||
| 264 | 1 |
_aHoboken, NJ : _bJohn Wiley & Sons, Inc., _c[2006] |
|
| 264 | 4 | _cc2006 | |
| 300 |
_axv, 671 pages : _billustrations ; _c25 cm |
||
| 336 |
_2rdacontent _atext _btxt |
||
| 337 |
_aunmediated _2rdamedia _bn |
||
| 338 |
_avolume _bnc _2rdacarrier |
||
| 500 | _aIncludes index. | ||
| 650 | 7 |
_aStatistics _vTextbooks. _2BUEsh |
|
| 655 | _vReading book | ||
| 700 | 1 |
_aBhattacharyya, Gouri K., _d1940- _eauthor. |
|
| 856 | 4 | 2 |
_3Publisher description _uhttp://www.loc.gov/catdir/enhancements/fy0624/2005044698-d.html |
| 856 | 4 | 1 |
_3Table of contents only _uhttp://www.loc.gov/catdir/enhancements/fy0624/2005044698-t.html |
| 942 |
_2ddc _cBB |
||
| 999 |
_c10799 _d10799 |
||